| 000 | 00494cam a2200193ua 4500 | ||
|---|---|---|---|
| 001 | 12037 | ||
| 008 | 200210n ii |||gr||||Z||||||eng | ||
| 020 | _a9788186423400 | ||
| 040 | _cMAIN | ||
| 041 | _aeng | ||
| 082 | _a821 | ||
| 100 |
_aGeoffrey Chaucer, _eAuthor. |
||
| 245 |
_aWife of Baths prologue and tale _cEd. by Harriet Raghunathan |
||
| 260 |
_aDelhi: _bWorldview, _c2016. |
||
| 300 | _a231p. | ||
| 653 | _aEnglish poetry | ||
| 700 |
_aHarriet Raghunathan, _eEditor. |
||
| 942 | _cBK | ||
| 999 |
_c10821 _d10821 |
||